00764nam a2200169 a 450000100100000000500170001000800410002704000250006811101200009324500520021326000430026530000260030859000280033495201050036295201100046799900170057700002808420200930031333.0110406s2014 dr a r 000 spa d aDO-SdBNPbspacBNPHU 2aConferencia Internacional de las Américasn(27 al 31 de octubred2013cPunta Cana, República Dominicana)95510100aConferencia internacional de las americas 2013. aSanto Domingo :, :bFUNGLODE,c[2014]. a73 p. :bil ;c29 cm. aInventariado, 2020 / DG 0010718PDaPDbPDcHDd2011-04-06iLF1l0o p28084-10r2020-06-25w2020-06-25yLFPDZNo se presta 0010718PDaPDbPDcHDd2019-06-24iLF1l0o p28084-20r2020-06-25te.2w2020-06-25yLFPDZNo se presta c27576d27576